000 00229 a2200097 4500
001 13356
100 _aFrischwasser, H.F
245 _aThe frontiers of a nation
260 _aLondon
_bthe batohworth press
_c
090 _c10372
_d10372
942 _aNUST-CAE
_cM
_c417
999 _c248429
_d248429